Selección de poemas /
Guardado en:
| Autor Principal: | |
|---|---|
| Otros Autores: | |
| Formato: | Libro |
| Idioma: | Undetermined |
| Publicado: |
Buenos Aires :
Centro Editor de América Latina.,
1967.
|
| Materias: | |
| Etiquetas: |
Agregar Etiqueta
Sin Etiquetas, Sea el primero en etiquetar este registro!
|
| LEADER | 00609nam a22001695a 4500 | ||
|---|---|---|---|
| 001 | EHU.bham047613 | ||
| 005 | 20110708105128.0 | ||
| 008 | 110708s1967####ag############000#0#und#d | ||
| 100 | 1 | |a Gutiérrez, Ricardo ;Andrade, Olegario Víctor. | |
| 245 | 0 | 0 | |a Selección de poemas / |c Ricardo Gutiérrez; Olegario Víctor Andrade. |
| 260 | |a Buenos Aires : |b Centro Editor de América Latina., |c 1967. | ||
| 300 | |a 117 p. | ||
| 653 | |a Literatura. | ||
| 653 | |a Poesía. | ||
| 653 | |a Escritores argentinos. | ||
| 700 | 1 | |a Sarlo Sabajanes, Beatriz., |e comp. | |
| 859 | |a AR-BHAM |b BIB. HUMANIDADES - Donacion Lejarraga |h MFN001832 |p 001832.19 | ||
